|
|
|
|
| LEADER |
00000nam2a2200000 4500 |
| 001 |
305579 |
| 005 |
20231102001820.0 |
| 010 |
|
|
|b 5000 кз.
|
| 035 |
|
|
|a (RuTPU)RU\TPU\book\330851
|
| 090 |
|
|
|a 305579
|
| 100 |
|
|
|a 20150928d1925 m y0rusy50 ca
|
| 101 |
0 |
|
|a rus
|
| 102 |
|
|
|a RU
|
| 105 |
|
|
|a a z 000zy
|
| 200 |
0 |
|
|a Ч. 3: Постройка печей
|
| 210 |
|
|
|d 1925
|
| 215 |
|
|
|a 90 с.
|c ил.
|
| 316 |
|
|
|5 63413507: М-133469
|a На обложке и титульном листе владельческая подпись: "Бутаков"
|
| 317 |
|
|
|5 63413507: М-133469
|a Поступила в НТБ в 1970 г. в составе книжного собрания профессора ТПИ И. Н. Бутакова
|
| 461 |
|
1 |
|0 (RuTPU)RU\TPU\book\330848
|t Пламенные печи
|o [в 5 ч.]
|f В. Е. Грум-Гржимайло
|v Ч. 3: Постройка печей
|d [1925]
|
| 606 |
1 |
|
|a Пламенные печи
|2 stltpush
|3 (RuTPU)RU\TPU\subj\48978
|9 67791
|
| 610 |
1 |
|
|a постройка
|
| 610 |
1 |
|
|a огнеупорные материалы
|
| 610 |
1 |
|
|a владельческая надпись
|
| 610 |
1 |
|
|a библиотека И. Н. Бутакова
|
| 675 |
|
|
|a 621.745.3
|v 3
|
| 801 |
|
1 |
|a RU
|b 63413507
|c 20150928
|
| 801 |
|
2 |
|a RU
|b 63413507
|c 20190918
|g RCR
|
| 942 |
|
|
|c BK
|